| 000 | 00931nam a22002297a 4500 | ||
|---|---|---|---|
| 999 |
_c20359 _d20359 |
||
| 003 | AR-CdUCM | ||
| 008 | 190529b ||||| |||| 00| 0 spa d | ||
| 040 |
_aMUNICIPALIDAD PROVINCIAL DEL CUSCO _cBIBLIOTECA MUNICIPAL DEL CUSCO |
||
| 041 | _heng | ||
| 082 |
_a158.1 / _bS61 _22ed. |
||
| 100 |
_aSmith, Ronald E., Sarason, Irwin G y Sarason, Barbara R. _942577 |
||
| 245 |
_aPsicología : _bFronteras de la conducta / |
||
| 260 |
_aMéxico, D. F. : _bHarla, _c1984. |
||
| 300 |
_a924 páginas ; _bIlustraciones, _c24 cm. |
||
| 505 | _aContenido: Psicología y profesión -- Drogas y conciencia -- Capacidades y evaluación... | ||
| 650 |
_aConducta _95062 |
||
| 650 |
_aPsicología _91538 |
||
| 650 |
_aProcesos cognitivos _942578 |
||
| 700 |
_a Carmen Pesina, José (traducción), Guzman de olliver, Julieta (revisión técnica), Blengio P., José Rafael (supervisión editorial _942579 |
||
| 942 |
_2ddc _cLIBROS |
||
| 945 | _aAndy | ||